000 00962ngm a22003130a 4500
001 PT16543
003 AR-LpoUNG
005 20210202000213.0
007 vd cvaizq
008 191001s2001||||ag |||||||||||||||||spa d
037 _c$8.30
037 _c$HASH(0x55b5458f1758)
040 _aAR-LpoUNG
_bspa
_cAR-LpoUNG
_eaacr
041 _aspa
044 _aag
082 0 _a909 532v12
245 1 3 _aEl final de la edad media :
_blas monarquías
260 _aBuenos Aires :
_bKalender Video Argentina,
_c2001.
300 _aVHS (56 min.) : son., byn, col.
520 _aEste período corresponde a la transición a la Europa Moderna. El gran siglo había debilitado el papado y se registraban señales alarmantes de cambios sociales.
650 4 _aEUROPA
650 4 _aIDEOLOGIAS
650 4 _aIGLESIA
650 4 _aSISTEMAS POLITICOS
653 _aVIDEOS
710 2 _aMetropolitan Museum of Art (New York)
905 _a16543
942 _cVIDEO
999 _c54325
_d54325